[Event "Imperia Corallo op-A 1st"]
[Site "Imperia"]
[Date "2006.11.25"]
[Round "2"]
[White "Buonamano, Fabio"]
[Black "Pedemonte, Claudio"]
[Result "0-1"]
[WhiteElo "1724"]
[BlackElo "1917"]
[PlyCount "86"]
[EventDate "2006.11.24"]
[EventType "swiss"]
[EventRounds "5"]
[EventCountry "ITA"]
[SourceTitle "EXT 2024"]
[Source "ChessBase"]
[SourceDate "2023.10.10"]
[SourceVersion "1"]
[SourceVersionDate "2023.10.10"]
[SourceQuality "1"]

1. Nf3 d5 2. g3 Nf6 3. Bg2 c6 4. d3 Bf5 5. 0-0 Nbd7 6. Re1 e6 7. Nbd2 Bc5 8. d4 Bb6 9. c3 h6 10. a4 a5 11. Nf1 0-0 12. Bf4 Bc7 13. e3 Re8 14. N1d2 e5 15. dxe5 Nxe5 16. Nxe5 Bxe5 17. Bxe5 Rxe5 18. Nf3 Re7 19. Nd4 Bg6 20. Bf1 Qd7 21. h3 Ne4 22. Bg2 Rae8 23. Kh2 Nxf2 24. Qf3 Nd3 25. Re2 Ne5 26. Qf2 Nc4 27. b3 Nxe3 28. Rae1 Nxg2 29. Kxg2 Be4+ 30. Kh2 Bd3 31. Rxe7 Rxe7 32. Rxe7 Qxe7 33. Nf5 Qf6 34. g4 Bxf5 35. Qxf5 Qxf5 36. gxf5 Kf8 37. Kg3 Ke7 38. Kf4 Kf6 39. h4 g5+ 40. fxg6 fxg6 41. c4 g5+ 42. hxg5+ hxg5+ 43. Ke3 Ke5 0-1

[Event "Imperia Corallo op-A 1st"]
[Site "Imperia"]
[Date "2006.11.25"]
[Round "3"]
[White "Elce, Dennis"]
[Black "Buonamano, Fabio"]
[Result "0-1"]
[WhiteElo "1644"]
[BlackElo "1724"]
[PlyCount "60"]
[EventDate "2006.11.24"]
[EventType "swiss"]
[EventRounds "5"]
[EventCountry "ITA"]
[SourceTitle "EXT 2024"]
[Source "ChessBase"]
[SourceDate "2023.10.10"]
[SourceVersion "1"]
[SourceVersionDate "2023.10.10"]
[SourceQuality "1"]

1. b4 e6 2. Bb2 d5 3. e3 Nf6 4. b5 a6 5. c4 dxc4 6. Bxc4 Be7 7. Nf3 Bd7 8. a4 axb5 9. axb5 Rxa1 10. Bxa1 c6 11. Nc3 Qc7 12. 0-0 cxb5 13. Bxb5 0-0 14. Qb3 Nc6 15. Rc1 Rc8 16. Ne2 Qd8 17. Qb2 Qf8 18. Qb1 Nd5 19. Bxc6 Bxc6 20. Ne5 Bf6 21. Nxc6 bxc6 22. Bxf6 Nxf6 23. d4 Nd5 24. Rc5 Qe8 25. Qc1 h6 26. Nc3 Ne7 27. Ne4 Rd8 28. Rc2 Rd5 29. Nc5 e5 30. dxe5 Qd8 0-1